[Event "21st Dubai Open 2019"]
[Site "Dubai UAE"]
[Date "2019.04.01"]
[Round "1.34"]
[White "Parthasarathy, R"]
[Black "Nguyen, Anh Khoi"]
[Result "0-1"]
[BlackTitle "IM"]
[WhiteElo "1989"]
[BlackElo "2484"]
[WhiteFideId "5073227"]
[BlackFideId "12404675"]
[EventDate "2019.04.01"]

1. e4 c5 2. Nf3 e6 3. b3 Nf6 4. e5 Nd5 5. Bb2 Nc6 6. Bc4 Nc7 7. O-O Be7 8. Nc3
f6 9. Ne4 fxe5 10. Nxe5 O-O 11. Qg4 Ne8 12. Bd3 Nb4 13. a3 Nxd3 14. Nxd3 b6 15.
Rae1 Bb7 16. Nf4 Bxe4 17. Rxe4 Bf6 18. Be5 Bxe5 19. Rxe5 Qf6 20. Nd3 Nd6 21.
Rfe1 Nf5 22. c3 Ne7 23. g3 Nc6 24. R5e2 Qh6 25. f4 Rf5 26. Ne5 Nxe5 27. Rxe5
Raf8 28. Qf3 Rxe5 29. Rxe5 Qg6 30. Qe4 Qg4 31. Qe2 Rxf4 32. Qxg4 Rxg4 33. Kg2
Kf7 34. Kf3 Rg6 35. Re4 Rf6+ 36. Ke3 Ke7 37. Ra4 a5 38. b4 cxb4 39. cxb4 Rf5 40.
d3 Kd6 41. bxa5 Rxa5 42. Rd4+ Kc6 43. Rf4 g5 44. Rc4+ Rc5 45. Rb4 h5 46. h3 Rc1
47. h4 g4 48. Kf4 Rc5 49. Rc4 Rxc4+ 50. dxc4 d5 0-1

[Event "21st Dubai Open 2019"]
[Site "Dubai UAE"]
[Date "2019.04.01"]
[Round "1.35"]
[White "Sadhwani, Raunak"]
[Black "Ali, Abdulaziz"]
[Result "1-0"]
[WhiteTitle "IM"]
[WhiteElo "2455"]
[BlackElo "1988"]
[WhiteFideId "35093487"]
[BlackFideId "9304347"]
[EventDate "2019.04.01"]

1. d4 d5 2. Nc3 Nf6 3. Bf4 Bf5 4. f3 e6 5. Qd2 a6 6. O-O-O c5 7. dxc5 Nbd7 8.
Bd6 Bxd6 9. cxd6 b5 10. a3 Ne5 11. e4 dxe4 12. fxe4 Nxe4 13. Nxe4 Bxe4 14. Qf4
Nc4 15. d7+ Kf8 16. Qxe4 1-0

[Event "21st Dubai Open 2019"]
[Site "Dubai UAE"]
[Date "2019.04.01"]
[Round "1.37"]
[White "Vignesh, N R"]
[Black "Mota, Pankit"]
[Result "1-0"]
[WhiteTitle "IM"]
[WhiteElo "2476"]
[BlackElo "1974"]
[WhiteFideId "25012215"]
[BlackFideId "25019481"]
[EventDate "2019.04.01"]

1. e4 e6 2. d4 d5 3. Nd2 dxe4 4. Nxe4 Bd7 5. Nf3 Bc6 6. Bd3 Nd7 7. O-O Ngf6 8.
Qe2 Be7 9. Rd1 Nxe4 10. Bxe4 Bxe4 11. Qxe4 c6 12. c4 Nf6 13. Qe2 O-O 14. Bf4 Qa5
15. Ne5 Rad8 16. Rd3 c5 17. Qf3 Rxd4 18. Rxd4 cxd4 19. Qxb7 Bd8 20. Nd3 Qf5 21.
Qf3 g5 22. Be5 Qxf3 23. gxf3 Be7 24. Bxd4 Rd8 25. Bxf6 Bxf6 26. Rd1 a5 27. Kf1
Rd4 28. b3 a4 29. Ke2 axb3 30. axb3 Kf8 31. Rd2 Rd8 32. b4 Rb8 33. b5 Ke8 34.
Nc5 Rc8 35. Ne4 Be5 36. Rc2 f5 37. Nxg5 Ke7 38. Nxh7 Bxh2 39. c5 Be5 40. Ng5 Kf6
41. Nh3 Rh8 42. f4 Bd4 43. b6 Rxh3 44. b7 Rh8 45. c6 Bb6 46. c7 Bxc7 47. Rxc7
Rb8 48. Ke3 e5 49. Rc6+ Ke7 50. Rb6 exf4+ 51. Kxf4 Kd7 52. Kxf5 Kc7 53. Rb2 1-0

[Event "21st Dubai Open 2019"]
[Site "Dubai UAE"]
[Date "2019.04.01"]
[Round "1.38"]
[White "Ahmed, Fareed"]
[Black "Aditya, Mittal"]
[Result "0-1"]
[WhiteTitle "FM"]
[BlackTitle "CM"]
[WhiteElo "1950"]
[BlackElo "2454"]
[WhiteFideId "9303677"]
[BlackFideId "35042025"]
[EventDate "2019.04.01"]

1. e4 c5 2. Nf3 d6 3. d4 cxd4 4. Nxd4 Nf6 5. Nc3 a6 6. Bc4 e6 7. Bb3 Nbd7 8. f4
Nc5 9. Qf3 b5 10. f5 e5 11. Nde2 Qa5 12. g4 Bb7 13. Bd2 Nxb3 14. cxb3 b4 15. g5
bxc3 16. Bxc3 Bxe4 17. Qg3 Qd5 18. gxf6 Bxh1 19. fxg7 Rg8 20. gxf8=Q+ Kxf8 21.
Qe3 Qe4 22. Qb6 Rg2 23. Qxd6+ Kg8 0-1

[Event "21st Dubai Open 2019"]
[Site "Dubai UAE"]
[Date "2019.04.02"]
[Round "2.3"]
[White "Manush, Shah"]
[Black "Kuzubov, Yuriy"]
[Result "0-1"]
[WhiteTitle "FM"]
[BlackTitle "GM"]
[WhiteElo "2405"]
[BlackElo "2644"]
[WhiteFideId "5040680"]
[BlackFideId "14112906"]
[EventDate "2019.04.01"]

1. d4 Nf6 2. Nf3 c5 3. c3 e6 4. Bf4 Nc6 5. e3 d5 6. Nbd2 Nh5 7. Bg5 Qb6 8. Rb1
h6 9. Bh4 g5 10. Ne5 Nxe5 11. Qxh5 cxd4 12. exd4 Ng6 13. Bg3 e5 14. Bd3 e4 15.
Bc2 Bg7 16. O-O O-O 17. Bb3 Be6 18. Kh1 Kh7 19. f4 f5 20. fxg5 f4 21. gxh6 Rf5
22. Qe2 Bxh6 23. Be1 Rg5 24. Bc2 Bg4 25. Qf2 Re8 26. h3 Bf5 27. Nb3 Qe6 28. Nc5
Qc8 29. h4 Rg4 30. g3 Rxg3 0-1

[Event "21st Dubai Open 2019"]
[Site "Dubai UAE"]
[Date "2019.04.02"]
[Round "2.4"]
[White "Iturrizaga Bonelli, Eduardo"]
[Black "Sundararajan, Kidambi"]
[Result "1-0"]
[WhiteTitle "GM"]
[BlackTitle "GM"]
[WhiteElo "2639"]
[BlackElo "2413"]
[WhiteFideId "3901211"]
[BlackFideId "5005370"]
[EventDate "2019.04.01"]

1. c4 e5 2. Nc3 d6 3. Nf3 g6 4. d4 Nd7 5. Bg5 f6 6. Be3 Nh6 7. g3 Bg7 8. Bg2 O-O
9. O-O Nf5 10. Bc1 exd4 11. Nxd4 Nxd4 12. Qxd4 f5 13. Qd5+ Kh8 14. Be3 Ne5 15.
b3 Ng4 16. Bd4 Nf6 17. Qf3 c6 18. Rad1 Qe7 19. Rfe1 Be6 20. e4 Qf7 21. exf5 Bxf5
22. h3 Rae8 23. Rxe8 Qxe8 24. Qe3 Qxe3 25. Bxe3 a6 26. g4 Bc8 27. Ne2 Ne8 28. f4
Kg8 29. Ng3 Bh6 30. g5 Bg7 31. Rd3 Rf7 32. h4 Be6 33. Be4 Rd7 34. f5 gxf5 35.
Nxf5 d5 36. cxd5 cxd5 37. Bxd5 Bxd5 38. Rxd5 Rxd5 39. Ne7+ Kf7 40. Nxd5 Ke6 41.
Nf4+ Kf5 42. Kf2 Kg4 43. Ne6 Be5 44. Nf8 Bg3+ 45. Ke2 Bxh4 46. Nxh7 Kf5 47. Kd3
Nd6 48. Kd4 Kg6 49. Nf8+ Kf7 50. Ke5 Bg3+ 51. Kd5 Nb5 52. Ne6 Nc3+ 53. Kc4 Nd1
54. Nd8+ Ke7 55. Bb6 Kd7 56. Nxb7 Kc6 57. Bd4 Kxb7 58. g6 1-0

[Event "21st Dubai Open 2019"]
[Site "Dubai UAE"]
[Date "2019.04.02"]
[Round "2.5"]
[White "Yilmaz, Mustafa"]
[Black "Raja, Rithvik R"]
[Result "1-0"]
[WhiteTitle "GM"]
[BlackTitle "IM"]
[WhiteElo "2636"]
[BlackElo "2423"]
[WhiteFideId "6302718"]
[BlackFideId "35007394"]
[EventDate "2019.04.01"]

1. d4 Nf6 2. c4 e6 3. Nf3 d5 4. Nc3 Be7 5. Qc2 O-O 6. cxd5 exd5 7. Bg5 c6 8. e3
Nbd7 9. Bd3 Re8 10. h3 Nf8 11. Bf4 Bd6 12. Bxd6 Qxd6 13. O-O-O Be6 14. Kb1 Rac8
15. g4 c5 16. dxc5 Qxc5 17. Nd4 a6 18. Qd2 b5 19. f3 N6d7 20. Rc1 Qe7 21. Nf5
Bxf5 22. Bxf5 Rcd8 23. Nxd5 Qd6 24. Rhd1 Nb6 25. Be4 Qe5 26. Qd4 Qxd4 27. Rxd4
Nc4 28. Rdd1 Ne6 29. b3 Nd6 30. Bd3 Ng5 31. Nc7 Rxe3 32. Nxa6 Nxf3 33. Bxb5 g6
34. Rc5 Kg7 35. Bc6 Ne5 36. Bg2 Re2 37. Bf1 Re3 38. Rcc1 Nb7 39. Rxd8 Nxd8 40.
Nb4 Ne6 41. Kb2 Nf4 42. Rc3 Re1 43. Bb5 Re4 44. Nc2 f5 45. gxf5 gxf5 46. a4 Ne2
47. Bxe2 Rxe2 48. Re3 Rxe3 49. Nxe3 f4 50. Nd1 Kf6 51. Kc3 Kf5 52. Kd4 Nc6+ 53.
Kc5 Nb8 54. b4 Ke4 55. b5 Nd7+ 56. Kc6 Ne5+ 57. Kc7 Nc4 58. b6 Na5 59. b7 Nxb7
60. Kxb7 Kd3 61. a5 f3 62. Nf2+ Ke2 63. Ng4 1-0

[Event "21st Dubai Open 2019"]
[Site "Dubai UAE"]
[Date "2019.04.02"]
[Round "2.6"]
[White "Sethuraman, S.P."]
[Black "Dhulipalla, Bala Chandra Prasad"]
[Result "1-0"]
[WhiteTitle "GM"]
[BlackTitle "IM"]
[WhiteElo "2637"]
[BlackElo "2384"]
[WhiteFideId "5021596"]
[BlackFideId "25005812"]
[EventDate "2019.04.01"]

1. e4 e5 2. Nf3 Nc6 3. Bc4 Nf6 4. d3 h6 5. a4 d6 6. Nc3 g6 7. O-O Bg7 8. h3 O-O
9. Re1 Nd4 10. Nxd4 exd4 11. Ne2 Nd7 12. a5 c6 13. Bd2 Ne5 14. Bb3 Qh4 15. f4
Bxh3 16. gxh3 Qxh3 17. fxe5 Bxe5 18. Bf4 Qg4+ 19. Kf2 Bxf4 20. Nxf4 Qxf4+ 21.
Qf3 Qh2+ 22. Qg2 Qf4+ 23. Kg1 Kg7 24. Rf1 Qe3+ 25. Kh1 Rae8 26. Rf3 Qg5 27. Qf2
d5 28. exd5 cxd5 29. Qxd4+ Kh7 30. Raf1 Re7 31. Qxd5 Qh4+ 32. Kg2 Re2+ 33. R1f2
Rxf2+ 34. Rxf2 Qg4+ 35. Kh2 1-0

[Event "21st Dubai Open 2019"]
[Site "Dubai UAE"]
[Date "2019.04.02"]
[Round "2.7"]
[White "Adly, Ahmed"]
[Black "Raghunandan, Kaumandur Srihari"]
[Result "0-1"]
[WhiteTitle "GM"]
[BlackTitle "IM"]
[WhiteElo "2611"]
[BlackElo "2352"]
[WhiteFideId "10601619"]
[BlackFideId "25004964"]
[EventDate "2019.04.01"]

1. Nf3 Nf6 2. g3 g6 3. Bg2 Bg7 4. c4 O-O 5. d4 c5 6. O-O cxd4 7. Nxd4 d5 8. Na3
e5 9. Nf3 e4 10. Nd4 Qe7 11. b3 Rd8 12. Bb2 e3 13. f4 Nc6 14. Nxc6 bxc6 15. cxd5
Nxd5 16. Bxg7 Kxg7 17. Qc1 Bg4 18. Nc4 Qf6 19. Ne5 Bxe2 20. Re1 Ba6 21. Qxc6
Rac8 22. Qxf6+ Nxf6 23. Rxe3 Rc2 24. Nf3 Nd5 25. Re5 Nc3 26. Re7 Ne2+ 27. Kh1
Nc1 28. Re1 Nxa2 29. Re7 Bc8 30. Rae1 Rd7 31. h4 Rc1 32. Kh2 Rxe1 33. Rxe1 Bb7
34. Bh3 Rd3 35. Ne5 Rxb3 36. Rd1 Rb2+ 37. Kg1 Nc3 38. Rd7 Bd5 39. Bg4 Rb7 40.
Rxb7 Bxb7 41. h5 a5 42. hxg6 hxg6 43. Nc4 a4 44. Bd7 Bd5 45. Na3 Kf6 46. Kh2 Ke7
47. Bh3 Kd6 48. g4 Kc5 49. Bf1 Bb3 50. Bd3 Kb4 51. Nb1 Nxb1 52. Bxb1 a3 53. Kg3
Kc3 0-1

[Event "21st Dubai Open 2019"]
[Site "Dubai UAE"]
[Date "2019.04.02"]
[Round "2.8"]
[White "Tabatabaei, M.amin"]
[Black "Sidhant, Mohapatra"]
[Result "1/2-1/2"]
[WhiteTitle "GM"]
[BlackTitle "IM"]
[WhiteElo "2600"]
[BlackElo "2348"]
[WhiteFideId "12521213"]
[BlackFideId "5028698"]
[EventDate "2019.04.01"]

1. c4 c6 2. d4 d5 3. cxd5 cxd5 4. Bf4 Nf6 5. Nc3 a6 6. e3 Nc6 7. Be2 e6 8. Nf3
Bd6 9. Ne5 Bxe5 10. Bxe5 Nxe5 11. dxe5 Nd7 12. f4 b5 13. Qd4 O-O 14. O-O Qb6 15.
b4 Bb7 16. a4 Rfc8 17. Rfc1 bxa4 18. Nxa4 Qd8 19. Nc5 Nxc5 20. Rxc5 g6 21. h3
Rxc5 22. Qxc5 Rc8 23. Qd6 Qh4 24. Bxa6 Qg3 25. Bxb7 Rc1+ 26. Rxc1 Qxe3+ 27. Kf1
Qxc1+ 28. Ke2 Qc2+ 29. Ke3 Qc3+ 30. Kf2 Qd2+ 31. Kf3 Qd3+ 32. Kg4 h5+ 33. Kh4
g5+ 34. fxg5 Qe4+ 35. Kxh5 Qxg2 36. Kh4 1/2-1/2

[Event "21st Dubai Open 2019"]
[Site "Dubai UAE"]
[Date "2019.04.02"]
[Round "2.9"]
[White "Nitin, S."]
[Black "Mchedlishvili, Mikheil"]
[Result "1/2-1/2"]
[WhiteTitle "IM"]
[BlackTitle "GM"]
[WhiteElo "2408"]
[BlackElo "2610"]
[WhiteFideId "5018277"]
[BlackFideId "13600966"]
[EventDate "2019.04.01"]

1. e4 e6 2. d4 d5 3. Nc3 Bb4 4. e5 c5 5. a3 Ba5 6. b4 cxd4 7. Nb5 Bc7 8. f4 Bd7
9. Nxc7+ Qxc7 10. Nf3 Ba4 11. Bd3 Ne7 12. Bb2 Nbc6 13. O-O Qb6 14. Qe2 Bb5 15.
Kh1 a6 16. Qf2 Bxd3 17. cxd3 Qb5 18. Rad1 a5 19. Bxd4 axb4 20. axb4 O-O 21. Bc5
Rfe8 22. Nh4 Nf5 23. Nxf5 exf5 24. Qf3 b6 25. Bd6 Ra3 26. g4 fxg4 27. Qxg4 g6
28. d4 Ra2 29. f5 Qe2 30. Qxe2 Rxe2 31. Rf4 Ne7 32. Rg1 Nc8 33. fxg6 hxg6 34.
Rf6 Nxd6 35. Rxd6 Rc8 36. Rxd5 Rcc2 37. Rd1 Rxh2+ 38. Kg1 Rcg2+ 39. Kf1 g5 40.
Rd6 Rb2 41. Kg1 Rbg2+ 42. Kf1 g4 43. Rf6 Rb2 44. Kg1 b5 45. d5 Rbg2+ 46. Kf1 Rb2
47. Kg1 Rbg2+ 48. Kf1 1/2-1/2

[Event "21st Dubai Open 2019"]
[Site "Dubai UAE"]
[Date "2019.04.02"]
[Round "2.10"]
[White "Aravindh, Chithambaram VR."]
[Black "Charkhalashvili, Inga"]
[Result "1/2-1/2"]
[WhiteTitle "GM"]
[BlackTitle "WGM"]
[WhiteElo "2599"]
[BlackElo "2338"]
[WhiteFideId "5072786"]
[BlackFideId "13601431"]
[EventDate "2019.04.01"]

1. e4 c6 2. Nf3 d5 3. Nc3 Bg4 4. h3 Bxf3 5. Qxf3 e6 6. Be2 Nf6 7. O-O Nbd7 8. d4
dxe4 9. Nxe4 Nxe4 10. Qxe4 Nf6 11. Qe3 Be7 12. c4 Qc7 13. b3 O-O 14. Bb2 Rad8
15. Rfd1 Rfe8 16. Bd3 Bd6 17. Bc2 Qe7 18. Rab1 Bb8 19. Re1 h6 20. Qf3 Rd7 21. g3
Red8 22. Rbd1 Bc7 23. Re3 Bb6 24. Red3 Nh7 25. Qe2 Nf6 26. Bc3 Re8 27. Re3 Qd8
28. Red3 Qe7 29. Kg2 Red8 30. Qf3 Ne8 31. R3d2 Nf6 32. Bb1 Kf8 33. Qe2 Kg8 34.
Rd3 Re8 35. Re3 Qd8 36. Red3 Qe7 37. b4 a6 38. a4 Ba7 39. a5 Red8 40. Bc2 Ne8
41. Bb3 Nd6 42. Qf3 Nf5 43. d5 Qg5 44. Kf1 exd5 45. cxd5 c5 46. d6 Nd4 47. Bxd4
cxd4 48. Ba4 Rxd6 49. Qxb7 Bb8 50. Rf3 Rf6 51. Rxf6 Qxf6 52. Kg2 d3 53. Bc6 Ba7
54. Bf3 Qd4 55. Rf1 Rd6 56. Qc8+ Kh7 57. Qf5+ Kg8 58. Qc8+ Kh7 59. h4 Rf6 60. h5
d2 61. Qc2+ Kg8 62. Qc8+ Kh7 63. Qc2+ Kg8 64. Qb3 Rd6 65. b5 axb5 66. Qxb5 Rd8
67. Qe2 Qc5 68. a6 Kf8 69. Qe4 Qd6 70. Qb7 Qc5 71. Qb1 Kg8 72. Qe4 Qd6 73. Qc4
Qd7 74. Rb1 Qf5 75. Qc7 Rc8 76. Qb7 Qc5 77. Rf1 Rd8 78. Qb3 Rd6 79. Qa4 Kf8 80.
Qe4 Rd8 81. Qh7 Qd4 82. Qf5 Qd6 83. Qh7 Qd4 84. Be2 Qe5 85. Bg4 Qf6 86. Kh3 Qxa6
87. Rb1 Bd4 88. Kg2 Bf6 89. Bf3 Qd3 90. Qxd3 Rxd3 91. Be2 Rd8 92. Kf3 Bd4 93.
Bd1 Rd7 94. Rb3 Ba7 95. Ke2 Ke7 96. Rd3 Rxd3 97. Kxd3 Bxf2 98. Kxd2 Bxg3 99. Ke3
f5 100. Kf3 Be5 101. Kg2 Kf6 102. Be2 g5 103. hxg6 Kxg6 104. Bd3 Kg5 105. Bxf5 1/2-1/2

[Event "21st Dubai Open 2019"]
[Site "Dubai UAE"]
[Date "2019.04.02"]
[Round "2.11"]
[White "Tissir, Mohamed"]
[Black "Can, Emre"]
[Result "1/2-1/2"]
[WhiteTitle "IM"]
[BlackTitle "GM"]
[WhiteElo "2386"]
[BlackElo "2586"]
[WhiteFideId "9000240"]
[BlackFideId "6302181"]
[EventDate "2019.04.01"]

1. e4 c5 2. Nf3 d6 3. d4 cxd4 4. Nxd4 Nf6 5. Nc3 a6 6. h3 e6 7. g4 Nfd7 8. g5 b5
9. a3 Bb7 10. Be3 Nc6 11. h4 Be7 12. Nxc6 Bxc6 13. Rh3 O-O 14. f4 Qb8 15. f5 b4
16. axb4 Qxb4 17. Qd4 Rfb8 18. Qxb4 Rxb4 19. fxe6 fxe6 20. Rxa6 Rxa6 21. Bxa6
Ne5 22. b3 Bxe4 23. Nxe4 Rxe4 24. Be2 d5 25. c3 Kf7 26. Kd2 Bd6 27. h5 Ke7 28.
Rh1 Ng4 29. Rh4 Rxe3 30. Rxg4 Rh3 31. Ra4 Be5 32. Ra7+ Kd8 33. Bg4 Rxc3 34. Bxe6
d4 35. Bf5 h6 36. gxh6 gxh6 37. b4 Rf3 38. Be4 Bf4+ 39. Kd1 Rb3 40. Bf5 Rxb4 41.
Kc2 Be5 42. Kd3 Rb3+ 43. Ke4 Bf6 44. Rf7 Rb6 45. Rh7 Rd6 46. Kd3 Rd5 47. Bg4 Rg5
48. Rxh6 Ke7 49. Rh7+ Kd6 50. Rd7+ Kc5 51. Bf3 Rf5 52. Bg4 Rf4 53. Be2 Rh4 54.
Bf3 Rh3 55. Rd5+ Kb4 56. Rf5 Bg7 57. Rf7 Bh8 58. Rf8 Bg7 59. Rf7 Bh8 60. Ke4 1/2-1/2

[Event "21st Dubai Open 2019"]
[Site "Dubai UAE"]
[Date "2019.04.02"]
[Round "2.12"]
[White "Indjic, Aleksandar"]
[Black "Nitish, Belurkar"]
[Result "1-0"]
[WhiteTitle "GM"]
[BlackTitle "FM"]
[WhiteElo "2620"]
[BlackElo "2327"]
[WhiteFideId "911925"]
[BlackFideId "5084768"]
[EventDate "2019.04.01"]

1. d4 Nf6 2. c4 g6 3. Nc3 Bg7 4. e4 d6 5. Nf3 O-O 6. Be2 e5 7. d5 c6 8. O-O Na6
9. Be3 Ng4 10. Bg5 f6 11. Bh4 c5 12. Ne1 Nh6 13. Nc2 Qc7 14. a3 f5 15. f3 f4 16.
b4 b6 17. Nb5 Qd7 18. bxc5 bxc5 19. Rb1 Bf6 20. Bf2 g5 21. Na1 Nf7 22. Nb3 Bd8
23. Be1 h5 24. h3 Nh6 25. Na5 Bxa5 26. Bxa5 Rf6 27. Kf2 Qg7 28. Ke1 Qf8 29. Kd2
Rf7 30. Nc3 Kh8 31. Rh1 Ng8 32. Bd3 Nf6 33. Bc2 Bd7 34. Ba4 Bxa4 35. Qxa4 Qe8
36. Qb5 Qc8 37. Qa4 Kg8 38. Rb2 Rg7 39. Qc6 Ne8 40. Rhb1 Qxc6 41. dxc6 Rc8 42.
Rb7 Rxc6 43. Rxg7+ Kxg7 44. Rb7+ Kf8 45. Nd5 Rc8 46. Rxa7 Nb8 47. Ne7 Rc6 48.
Nxc6 Nxc6 49. Ra6 1-0

[Event "21st Dubai Open 2019"]
[Site "Dubai UAE"]
[Date "2019.04.02"]
[Round "2.13"]
[White "Hedman, Erik"]
[Black "Abdusattorov, Nodirbek"]
[Result "0-1"]
[WhiteTitle "FM"]
[BlackTitle "GM"]
[WhiteElo "2385"]
[BlackElo "2560"]
[WhiteFideId "1702351"]
[BlackFideId "14204118"]
[EventDate "2019.04.01"]

1. d4 Nf6 2. c4 e6 3. Nf3 d5 4. g3 Be7 5. Bg2 O-O 6. O-O dxc4 7. Qc2 a6 8. a4
Bd7 9. Qxc4 Bc6 10. Bf4 Bd6 11. Nc3 Bxf4 12. gxf4 a5 13. e3 Na6 14. Kh1 Nb4 15.
Rg1 Qe7 16. Ne5 Bxg2+ 17. Rxg2 g6 18. Rag1 Kh8 19. Rg5 Nbd5 20. Nxd5 exd5 21.
Qe2 Ne4 22. R5g4 Rg8 23. f3 Nd6 24. Qg2 Nf5 25. Qh3 Rg7 26. Rg5 Rag8 27. b3 Qe6
28. Rc1 f6 29. Nxg6+ Rxg6 30. Rxc7 Ng3+ 31. Rxg3 Qxh3 32. Rxh3 Rg1# 0-1

[Event "21st Dubai Open 2019"]
[Site "Dubai UAE"]
[Date "2019.04.02"]
[Round "2.14"]
[White "Pichot, Alan"]
[Black "Priyanka, Nutakki"]
[Result "1-0"]
[WhiteTitle "GM"]
[BlackTitle "WIM"]
[WhiteElo "2584"]
[BlackElo "2297"]
[WhiteFideId "110973"]
[BlackFideId "25049615"]
[EventDate "2019.04.01"]

1. e4 e6 2. d4 d5 3. Nd2 c5 4. Ngf3 cxd4 5. Nxd4 Nc6 6. Bb5 Bd7 7. Nxc6 bxc6 8.
Bd3 Bd6 9. Qe2 Ne7 10. e5 Bc7 11. O-O Ng6 12. f4 O-O 13. b3 f5 14. Ba3 Rf7 15.
Bc5 Bb6 16. Qe3 Bxc5 17. Qxc5 Qb6 18. b4 Bc8 19. Nb3 Nf8 20. a4 Nd7 21. Qxb6
axb6 22. c4 g5 23. cxd5 cxd5 24. g3 gxf4 25. gxf4 Nf8 26. Kf2 Rfa7 27. a5 bxa5
28. Rxa5 Nd7 29. Rxa7 Rxa7 30. Rc1 Ra2+ 31. Ke3 Nb6 32. Rc6 Nc4+ 33. Bxc4 Bb7
34. Rxe6 dxc4 35. Na5 Bd5 36. Rd6 Ra3+ 37. Kd4 Rd3+ 38. Kc5 c3 39. Nb3 c2 40.
Nc1 Rd1 41. Rxd5 Rxc1 42. Rd2 1-0

[Event "21st Dubai Open 2019"]
[Site "Dubai UAE"]
[Date "2019.04.02"]
[Round "2.15"]
[White "Saurabh, Anand"]
[Black "Santos Ruiz, Miguel"]
[Result "0-1"]
[BlackTitle "GM"]
[WhiteElo "2385"]
[BlackElo "2560"]
[WhiteFideId "5094496"]
[BlackFideId "22291482"]
[EventDate "2019.04.01"]

1. e4 c5 2. Nf3 d6 3. d4 cxd4 4. Nxd4 Nf6 5. Nc3 a6 6. Bc4 e6 7. Bb3 Nbd7 8. Bg5
Nc5 9. Qe2 Be7 10. f4 h6 11. Bxf6 Bxf6 12. O-O-O Qc7 13. f5 h5 14. g4 Bd7 15. h4
hxg4 16. Qxg4 O-O-O 17. Kb1 Qb6 18. Nce2 Kb8 19. h5 a5 20. c3 a4 21. Bc2 a3 22.
b3 Na4 23. Qg1 Rc8 24. Rh3 Bb5 25. Nxb5 Qxb5 26. Bd3 Qa5 27. Bc2 Nxc3+ 28. Nxc3
Rxc3 29. Qe1 Rhc8 30. Rxc3 Rxc3 31. Qd2 Be5 32. f6 Bxf6 33. Qxd6+ Ka7 34. Qh2
Rc5 35. Qd2 Qxd2 36. Rxd2 Rxh5 37. Bd1 Rh4 38. Bf3 Rf4 39. Bg2 Bc3 40. Re2 b5
41. Kc2 b4 42. Kd3 Kb6 43. Ke3 Rg4 44. Kf3 Rg6 45. Rc2 Kc5 46. Rc1 Kd6 47. Rd1+
Ke7 48. Kf2 Rg5 49. Kf3 Be5 50. Kf2 Rg3 51. Bf3 Rh3 52. Rc1 Bc3 53. Rd1 Rh2+ 54.
Bg2 Rh5 55. Kf3 Rc5 56. Rc1 Kf6 57. Rc2 Ke5 58. Rc1 Rc7 59. Rc2 Rd7 60. Ke2 Kf4
61. Bf3 g5 62. Bg2 Kg3 0-1

[Event "21st Dubai Open 2019"]
[Site "Dubai UAE"]
[Date "2019.04.02"]
[Round "2.16"]
[White "Bellahcene, Bilel"]
[Black "Koniahli, Malek."]
[Result "1-0"]
[WhiteTitle "GM"]
[BlackTitle "FM"]
[WhiteElo "2560"]
[BlackElo "2294"]
[WhiteFideId "696358"]
[BlackFideId "7603495"]
[EventDate "2019.04.01"]

1. d4 Nf6 2. Nf3 g6 3. c4 c6 4. Nc3 d5 5. e3 Bg7 6. Be2 O-O 7. O-O a6 8. a4 dxc4
9. a5 Bg4 10. Bxc4 Nbd7 11. h3 Bxf3 12. Qxf3 e6 13. Bd2 Nd5 14. Rfd1 Nxc3 15.
bxc3 Qc7 16. Rdb1 Rab8 17. g3 e5 18. Bc1 Nf6 19. Ba3 Rfe8 20. Bc5 e4 21. Qg2 Bf8
22. Ba7 Ra8 23. Bb6 Qd7 24. Bb3 h5 25. c4 Rec8 26. Rd1 Qf5 27. Bc2 Bd6 28. Rf1
Re8 29. c5 Bb8 30. f3 Qe6 31. Ra3 exf3 32. Rxf3 Ba7 33. Bxa7 Rxa7 34. e4 Rf8 35.
Rf4 Qe7 36. Raf3 Nh7 37. h4 f6 38. g4 Qg7 1-0

[Event "21st Dubai Open 2019"]
[Site "Dubai UAE"]
[Date "2019.04.02"]
[Round "2.18"]
[White "Quizon, Daniel"]
[Black "Yeoh, Li Tian"]
[Result "0-1"]
[WhiteTitle "IM"]
[BlackTitle "IM"]
[WhiteElo "2268"]
[BlackElo "2522"]
[WhiteFideId "5217911"]
[BlackFideId "5702895"]
[EventDate "2019.04.01"]

1. e4 e5 2. Nf3 Nc6 3. Bb5 Nf6 4. d3 Bc5 5. c3 O-O 6. O-O Re8 7. Nbd2 a6 8. Ba4
b5 9. Bb3 d6 10. Re1 Be6 11. Bxe6 Rxe6 12. Nf1 Bb6 13. Be3 d5 14. Bxb6 cxb6 15.
exd5 Nxd5 16. d4 e4 17. N3d2 f5 18. a4 b4 19. Nc4 bxc3 20. bxc3 Rc8 21. Qb3 Nce7
22. Nfe3 f4 23. Ng4 b5 24. axb5 axb5 25. Nd2 e3 26. fxe3 fxe3 27. Nf3 Rxc3 28.
Qxb5 Qc8 29. Nge5 Rb6 30. Qa5 Rc2 31. Ra2 Rbb2 32. Rxb2 Rxb2 33. Nd3 Rxg2+ 34.
Kh1 h6 35. Nde5 Rc2 36. Rg1 Rc1 37. Rxc1 Qxc1+ 38. Qe1 Qc2 39. Qf1 e2 40. Qe1
Nf4 41. Kg1 Ned5 42. Kf2 Nf6 43. Kg3 N4h5+ 44. Kg2 Ne4 45. Ng1 Nf4+ 46. Kf3 Qd1
47. Nd3 Nxd3 48. Qxe2 Ng5+ 49. Ke3 Qxg1+ 50. Kxd3 Qb1+ 51. Kc3 Qc1+ 52. Kb4 Qc6
53. Qa2+ Ne6 54. d5 Qc5+ 0-1

[Event "21st Dubai Open 2019"]
[Site "Dubai UAE"]
[Date "2019.04.02"]
[Round "2.19"]
[White "Chanda, Sandipan"]
[Black "Ranaldi, Lucas"]
[Result "1-0"]
[WhiteTitle "GM"]
[BlackTitle "FM"]
[WhiteElo "2534"]
[BlackElo "2279"]
[WhiteFideId "5004225"]
[BlackFideId "1519484"]
[EventDate "2019.04.01"]

1. d4 Nf6 2. Nf3 e6 3. Nbd2 c5 4. e3 b6 5. Bd3 Bb7 6. O-O cxd4 7. exd4 Be7 8.
Re1 O-O 9. Nf1 d6 10. Ng3 Re8 11. h4 h6 12. Bd2 Bf8 13. a4 a6 14. b4 Qc7 15. c4
a5 16. b5 Nbd7 17. Rc1 Rac8 18. h5 Qb8 19. Bf1 Qa8 20. Bf4 Red8 21. d5 exd5 22.
cxd5 Bxd5 23. Nd4 Rxc1 24. Bxc1 Nc5 25. Ngf5 Re8 26. Rxe8 Qxe8 27. Bf4 Qd7 28.
Ne3 Bb7 29. Bc4 d5 30. Be2 Nce4 31. Ng4 Nxg4 32. Bxg4 Qe7 33. Be3 Qc7 34. Bf5
Nd6 35. Bf4 Qc4 36. Bd3 Qc5 37. Bc2 Ne4 38. Be3 Qc7 39. Bxe4 dxe4 40. Qg4 Kh8
41. Nf5 Bc8 42. Qxe4 Bxf5 43. Qxf5 Kg8 44. Qe4 Bd6 45. Qa8+ Bf8 46. g3 Qc4 47.
Bxb6 Qxa4 48. Bc5 Qxb5 49. Qxf8+ Kh7 50. Bd4 f6 51. Bxf6 Qb1+ 52. Kh2 gxf6 53.
Qf7+ Kh8 54. Qxf6+ Kh7 55. Qe7+ Kg8 56. Qd8+ Kg7 57. Qxa5 Qb2 58. Qc7+ Kf8 59.
Qd6+ Kf7 60. Qg6+ Ke7 61. Qf5 Qd4 62. Kh3 Qd2 63. Qe4+ Kd8 64. Qe3 Qd7+ 65. g4
Qd6 66. Kg2 Qd5+ 67. Qf3 Qd6 68. Qe4 Qf6 69. Qg6 Qf4 70. Qf5 Qd6 71. Qe4 Qf6 72.
Kg3 Qc3+ 73. Qe3 Qf6 74. f4 Qa1 75. g5 hxg5 76. fxg5 Qb1 77. g6 Qc2 78. Qd4+ Ke8
79. Kf4 Qh2+ 80. Kg5 Qg3+ 81. Kh6 Qd6 82. Qe4+ Kd8 83. Kh7 Qc5 84. h6 1-0